| 000 | 01119nam a2200313Ia 4500 | ||
|---|---|---|---|
| 001 | Para_9357 | ||
| 003 | CHAP | ||
| 008 | 220125s2007 xx 000 0 und d | ||
| 010 | _a208055 | ||
| 040 | _cCHAP | ||
| 090 | _aTESIS 2099 | ||
| 100 |
_aDelgado Fernández, Sintya _931617 |
||
| 245 |
_aDeterminación del umbral de detección de Clavibacter michiganensis subsp. michiganensis en semillas de tomate (Lycopersicon esculentum Mill.) / _c por Syntia Delgado Fernández |
||
| 260 |
_aChapingo, Méx. : _b el autor |
||
| 300 | _a50 h. | ||
| 502 | _aTesis (Ing. Agr. Esp. en Parasitología Agrícola) -- UACh. Departamento Parasitología Agrícola | ||
| 650 |
_aBacterias fitopatógenas _99326 |
||
| 650 |
_aClavibacter michiganensis _923721 |
||
| 650 |
_aTomate _x enfermedades por bacterias _9113712 |
||
| 650 |
_aTomate _x semilla _9113765 |
||
| 710 |
_aUACh. Departamento Parasitología Agrícola _9164025 |
||
| 901 | _aTESIS 2099 | ||
| 902 | _aM | ||
| 905 | _a0000002007 an 0000000000 00 | ||
| 910 | _a2007 | ||
| 942 | _cPARA | ||
| 942 |
_cPARA _d2 |
||
| 999 |
_c208055 _d208055 |
||